| 000 | 00627aam a2200241 4500 | ||
|---|---|---|---|
| 005 | 20160407150249.0 | ||
| 008 | 150303b xxu||||| |||| 00| 0 spa d | ||
| 041 | _aEspañol | ||
| 082 |
_a1.1.18 _bG243s |
||
| 100 |
_aGarro Valverde, Leila _97793 |
||
| 245 | _aSaberes y sabores de Boruca | ||
| 260 | _aCosta Rica | ||
| 260 | _bL. Garro | ||
| 260 | _c2010 | ||
| 300 | _a187 páginas | ||
| 650 |
_aCOCINA COSTARRICENSE _93115 |
||
| 650 |
_aCOCINA INDIGENA _97794 |
||
| 650 |
_aINDIOS BORUCAS _97795 |
||
| 650 |
_aVIDA SOCIAL _97539 |
||
| 650 |
_aCOSTUMBRES _94420 |
||
| 650 |
_aINDIOS COSTARRICENSES _97699 |
||
| 942 | _cBK | ||
| 999 |
_c901 _d901 |
||